Kresby svetlom Návšteva v Liptovskomikulášskom ateliéri umeleckého fotografa Otta Gendera

Bibliographic Details
Main Author: Kubiš, Pavol M., 1946-2016 (Author)
Format: Article
Language:Slovak
Subjects:

MARC

LEADER 00000nab a2200000 a 4500
001 vtls000512642
003 SK-MaSNL
005 20260303003807.0
008 160216c1994 xo 0 slo
015 |a SNBRB19rr/mm-uuuuu 
035 |a CL0512780 
040 |a SNKBUCL  |b slo  |c SNKBUCL  |e AACR2 
041 0 |a slo 
044 |a xo  |c SK 
080 |a 77.04-051  |2 1981 
080 |a 929 Gender, Otto  |2 1981 
100 1 |a Kubiš, Pavol M.,  |d 1946-2016  |4 aut  |9 219205 
245 1 0 |a Kresby svetlom  |b Návšteva v Liptovskomikulášskom ateliéri umeleckého fotografa Otta Gendera  |c Pavol M. Kubiš 
300 |b Fotogr. 2 
600 1 7 |a Gender, Otto  |d 1950-  |x tvorba umelecká - informácie  |2 snkbucl  |9 982066 
655 7 |a články z novín a časopisov  |2 snkbucl  |9 267496 
773 0 |t Národná osveta  |g Roč. 4, č. 2 (1994), s. 18-19 
850 |a Slovenská národná knižnica v Martine  |a MTA001 
852 |a SNK  |b KIS3GCP 
958 |a BX 
958 |a RK 
992 |a RBX 
999 |c 1574497  |d 1576427